| 000 | 00555cam a22001932 4500 | ||
|---|---|---|---|
| 001 | 0000012044 | ||
| 005 | 20151217155849.0 | ||
| 008 | 090127s xx 000 0 eng d | ||
| 040 |
_aKABU _cKABU |
||
| 100 | 1 |
_aMullins, J. D. _@0000168227 |
|
| 245 | 1 | 4 |
_aThe Wonderful story of Uganda / _cJ. D. Mullins. |
| 250 | _a1st ed. | ||
| 260 |
_aLondon : _bC. M. S., _c1904. |
||
| 300 | _axii, 224 p. | ||
| 650 | 0 |
_aMissions _zUganda. _@0000161333 |
|
| 852 | 1 | _9p400 KES | |
| 908 | _a090127 | ||
| 950 | _@1 | ||
| 999 |
_c13439 _d13439 |
||